| 000 | 00597pab a2200217 454500 | ||
|---|---|---|---|
| 008 | 180718b2004 xxu||||| |||| 00| 0 eng d | ||
| 100 | _aNeedham, Belinda L. | ||
| 245 | _aAcademic failure in secondary school: the inter-related role of health problems and educational context | ||
| 260 | _c2004 | ||
| 300 | _ap.569-86. | ||
| 362 | _aNov | ||
| 650 | _aEducation | ||
| 650 | _aHealth services | ||
| 650 | _aSchools | ||
| 650 | _aSecondary schools | ||
| 650 | _aAcademic failure | ||
| 700 | _aMuller, Chandra | ||
| 700 | _aCrosnoe, Robert | ||
| 773 | _aSocial Problems | ||
| 909 | _a63255 | ||
| 999 |
_c63255 _d63255 |
||